| 000 | 00459cam a2200181ua 4500 | ||
|---|---|---|---|
| 020 | _c4.50 | ||
| 041 |
_ahin _h |
||
| 082 |
_a891.54 _bPAR/PR |
||
| 100 | _aParameshwari Lal, Gupta . | ||
| 245 |
_aPrasad ke natak / _cParameshwari Lal Gupta. _hTextual Documents |
||
| 260 |
_aVaranasi : _bHindi Pracharak Pusthakalayam , _c1956. |
||
| 300 | _a282 ; . | ||
| 365 | _a4.50 | ||
| 504 | _a | ||
| 942 | _cBK | ||
| 999 |
_c8113 _d8113 |
||